[Event "GER-chT U16 Girls"]
[Site "Magdeburg"]
[Date "2023.12.29"]
[Round "6.10"]
[White "Bakу, Isabella"]
[Black "Kern, Jennifer"]
[Result "1/2-1/2"]
[WhiteElo "1399"]
[BlackElo "1363"]
[PlyCount "81"]
[EventDate "2023.12.26"]
[EventType "team-swiss"]
[EventRounds "7"]
[EventCountry "GER"]
[SourceTitle "CB03_2024"]
[SourceDate "2024.01.17"]
[SourceVersion "1"]
[SourceVersionDate "2024.01.17"]
[SourceQuality "1"]
[WhiteTeam "Stuttgart Wolfbusch"]
[BlackTeam "Bad Duerkheim Wachenheim"]
[WhiteTeamCountry "GER"]
[BlackTeamCountry "GER"]

1. e4 e5 2. Nf3 Nf6 3. Nxe5 d6 4. Nf3 Nxe4 5. Nc3 Nxc3 6. dxc3 Bg4 7. Be3 Be7 8. Be2 0-0 9. h3 Be6 10. Qd2 Nd7 11. 0-0-0 a5 12. Kb1 c6 13. h4 b5 14. Nd4 Bd5 15. h5 Ne5 16. f4 Nc4 17. Bxc4 bxc4 18. f5 c5 19. Nf3 Be4 20. h6 g6 21. fxg6 fxg6 22. Ng5 Bxg5 23. Bxg5 Qc7 24. Rhe1 d5 25. Rf1 Qb7 26. Be3 Rxf1 27. Rxf1 Rb8 28. Qc1 Qb6 29. Rd1 a4 30. Ka1 Qa5 31. a3 Bxg2 32. Rg1 Be4 33. Qd1 Qb5 34. Bc1 Qd7 35. Rf1 Qe7 36. Re1 Qf6 37. Rf1 Qb6 38. Rf4 Rd8 39. Qf1 Bxc2 40. Rf7 Bf5 41. Rg7+ 1/2-1/2

[Event "GER-ch U16 Girls"]
[Site "Willingen"]
[Date "2023.06.01"]
[Round "7"]
[White "Heuberger, Sandra"]
[Black "Kern, Jennifer"]
[Result "0-1"]
[WhiteElo "1196"]
[BlackElo "1333"]
[PlyCount "78"]
[EventDate "2023.05.27"]
[EventType "swiss"]
[EventRounds "9"]
[EventCountry "GER"]
[SourceTitle "CBM 214 Extra"]
[Source "ChessBase"]
[SourceDate "2023.07.31"]
[SourceVersion "1"]
[SourceVersionDate "2023.07.31"]
[SourceQuality "1"]

1. d4 d5 2. c4 dxc4 3. e3 Nf6 4. Bxc4 a6 5. Nf3 e6 6. 0-0 b5 7. Bd3 Bb7 8. Re1 Be7 9. a3 c5 10. b3 0-0 11. Nbd2 Nc6 12. Nf1 Qc7 13. Ng3 Rad8 14. Bb2 h6 15. Rc1 Qb6 16. Qe2 Rd7 17. Red1 Rfd8 18. Bb1 Rc7 19. Qc2 Rcc8 20. Nh5 cxd4 21. exd4 Na7 22. Nxf6+ Bxf6 23. Qh7+ Kf8 24. Bc3 a5 25. Be4 b4 26. Bb2 Rxc1 27. Rxc1 Ba6 28. a4 Ke7 29. Bb1 Nc6 30. Qe4 Bxd4 31. Rxc6 Bxf2+ 32. Kh1 Rd1+ 33. Ne1 Qxc6 34. h3 Rxe1+ 35. Qxe1 Bxe1 36. Bxg7 Bf1 37. Be4 Qxe4 38. Bf6+ Kxf6 39. h4 Qxg2# 0-1

[Event "GER-ch U18 sf Berlin Online"]
[Site "Playchess.com INT"]
[Date "2020.05.01"]
[Round "4"]
[White "Kern, Jennifer"]
[Black "Bui, Bao Anh Le"]
[Result "0-1"]
[WhiteElo "1620"]
[BlackElo "1717"]
[PlyCount "80"]
[EventDate "2020.05.01"]
[EventType "swiss (blitz)"]
[EventRounds "13"]
[EventCountry "GER"]
[SourceTitle "CBM 195 Extra"]
[Source "ChessBase"]
[SourceDate "2020.05.31"]
[SourceVersion "1"]
[SourceVersionDate "2020.05.31"]
[SourceQuality "1"]

1. e4 c5 2. Nf3 d6 3. d4 cxd4 4. Nxd4 Nf6 5. Nc3 a6 6. Bd3 e5 7. Nf3 Be7 8. Be3 h6 9. h3 Be6 10. a4 Nbd7 11. b3 Rc8 12. Qd2 Qc7 13. Ne2 d5 14. exd5 Bxd5 15. c4 Bxf3 16. gxf3 Nc5 17. Bf5 Rd8 18. Qc2 Qa5+ 19. Bd2 Rxd2 20. Qxd2 Qxd2+ 21. Kxd2 Nxb3+ 22. Kc3 Nxa1 23. Rxa1 Bc5 24. Rd1 Ke7 25. f4 e4 26. Nd4 g6 27. Bg4 Nxg4 28. hxg4 Rd8 29. a5 f5 30. g5 h5 31. Rd2 Bxd4+ 32. Rxd4 Rxd4 33. Kxd4 h4 34. Ke3 h3 35. c5 h2 36. Kd4 h1Q 37. Ke5 Qa1+ 38. Kd5 Qc3 39. f3 exf3 40. c6 bxc6# 0-1

[Event "GER-ch U18 sf Berlin Online"]
[Site "Playchess.com INT"]
[Date "2020.05.01"]
[Round "6"]
[White "Tietz, Bennit"]
[Black "Kern, Jennifer"]
[Result "1-0"]
[WhiteElo "1624"]
[BlackElo "1620"]
[PlyCount "49"]
[EventDate "2020.05.01"]
[EventType "swiss (blitz)"]
[EventRounds "13"]
[EventCountry "GER"]
[SourceTitle "CBM 195 Extra"]
[Source "ChessBase"]
[SourceDate "2020.05.31"]
[SourceVersion "1"]
[SourceVersionDate "2020.05.31"]
[SourceQuality "1"]

1. e4 e5 2. Nf3 Nc6 3. Bc4 Nf6 4. Nc3 h6 5. d3 Bc5 6. Be3 Be7 7. Qd2 d6 8. h3 Bd7 9. 0-0 a6 10. Nd5 Nxd5 11. Bxd5 Qc8 12. Rfe1 Bxh3 13. gxh3 Qxh3 14. Nh2 Bg5 15. Qe2 Bxe3 16. fxe3 g5 17. Qf3 Qd7 18. Ng4 h5 19. Nf6+ Ke7 20. Nxd7 Kxd7 21. Qxf7+ Kc8 22. Be6+ Kd8 23. Qf6+ Ke8 24. Qf7+ Kd8 25. Qd7# 1-0